[Event "2nd American Continental (w)"]
[Site "San Cristobal VEN"]
[Date "2003.09.??"]
[Round "4"]
[White "Mateus Urbano, Martha"]
[Black "Belakovskaia, Anjelina"]
[Result "1/2-1/2"]
[WhiteElo "2148"]
[BlackElo "2291"]
[EventDate "2003.09.06"]
[PlyCount "58"]

1.e4 c6 2.d4 d5 3.e5 Bf5 4.Nf3 e6 5.a3 Nd7 6.Nbd2 c5 7.dxc5 Bxc5 8.b4 Bb6 
9.Bb2 Ne7 10.c4 Bc7 11.Be2 O-O 12.Qb3 Ng6 13.cxd5 exd5 14.Nd4 Be6 15.Nxe6 
fxe6 16.Bg4 Qe7 17.O-O Ndxe5 18.Bh3 Qd6 19.g3 Rae8 20.Rac1 Bd8 21.f4 Nc6 
22.Rcd1 Bb6+ 23.Kh1 Nce7 24.Nf3 Nf5 25.Rfe1 h6 26.a4 a6 27.Re2 Qd7 28.Rde1
Kh7 29.Qd3 Qf7 1/2-1/2

[Event "2nd American Continental (w)"]
[Site "San Cristobal VEN"]
[Date "2003.09.??"]
[Round "4"]
[White "Burijovich, Liliana"]
[Black "Ramon Pita, Vivian"]
[Result "1/2-1/2"]
[WhiteElo "2195"]
[BlackElo "2225"]
[EventDate "2003.09.06"]
[PlyCount "136"]

1.Nf3 f5 2.g3 Nf6 3.Bg2 e6 4.O-O Be7 5.c4 O-O 6.b3 d6 7.d4 c6 8.Bb2 Qe8 9.
Nbd2 Ne4 10.Qc2 Nxd2 11.Nxd2 d5 12.e3 Nd7 13.f3 Nf6 14.e4 f4 15.e5 Nd7 16.
Bh3 Nb8 17.Kh1 Na6 18.a3 Nc7 19.Rg1 Bg5 20.g4 Bd7 21.Bf1 Qe7 22.Bd3 g6 23.
a4 Qg7 24.Ba3 Rf7 25.Bd6 Ne8 26.c5 Bh4 27.Kg2 Rc8 28.b4 a6 29.Nb3 Bd8 30.
Rh1 g5 31.Rab1 Qh6 32.Qe2 Qh4 33.Qf2 Qxf2+ 34.Kxf2 Ra8 35.Ke2 Bc8 36.Ra1 
Nxd6 37.cxd6 b6 38.b5 cxb5 39.axb5 a5 40.Ra4 Bd7 41.Rc1 Be8 42.Nd2 Rb7 43.
Nb1 Bd7 44.Kd2 Rbb8 45.Nc3 Rc8 46.Raa1 Kg7 47.Na4 Rxc1 48.Rxc1 h6 49.Rc2 
Ra7 50.Kc1 Kf7 51.Kb2 Rb7 52.Ka3 Ra7 53.Nc3 Rb7 54.Ne2 Ra7 55.Ka4 Kg7 56.
h4 Kg8 57.hxg5 hxg5 58.Rc1 Ra8 59.Rh1 Be8 60.Nc3 Rc8 61.Kb3 Bf7 62.Rh6 Kg7
63.Rh7+ Kg8 64.Rh1 Kg7 65.Nxd5 exd5 66.Bf5 Rc4 67.e6 Bxe6 68.Bxe6 Rxd4 
1/2-1/2

[Event "2nd American Continental (w)"]
[Site "San Cristobal VEN"]
[Date "2003.09.??"]
[Round "4"]
[White "Fierro Baquero, Martha"]
[Black "Sequeda Mendoza, Nancy"]
[Result "1-0"]
[WhiteElo "2313"]
[BlackElo "2053"]
[EventDate "2003.09.06"]
[PlyCount "41"]

1.d4 d5 2.Nf3 c5 3.c3 e6 4.Bf4 Nc6 5.e3 Nf6 6.Nbd2 cxd4 7.exd4 Be7 8.Bd3 
Nd7 9.h4 Bf6 10.Qe2 Qe7 11.O-O-O h5 12.Nf1 a6 13.Ne3 b5 14.Rde1 Kf8 15.
Nxd5 Qd8 16.Bc7 Qe8 17.Bd6+ Be7 18.Bxe7+ Nxe7 19.Nc7 Qd8 20.Nxa8 Bb7 21.
Ng5 1-0

[Event "2nd American Continental (w)"]
[Site "San Cristobal VEN"]
[Date "2003.09.??"]
[Round "4"]
[White "Zapata Campos, Karen"]
[Black "Vasquez Ramirez, Rocio"]
[Result "0-1"]
[WhiteElo "2096"]
[BlackElo "2269"]
[EventDate "2003.09.06"]
[PlyCount "129"]

1.e4 c5 2.Nc3 e6 3.d3 Nc6 4.g3 d6 5.Bg2 g6 6.f4 Bg7 7.Nf3 Nge7 8.Be3 Nd4 
9.O-O O-O 10.Qd2 Rb8 11.Nd1 f5 12.Ne1 b6 13.c3 Nb5 14.a4 Nc7 15.Nf3 Bb7 
16.Nf2 Qd7 17.Qc2 a6 18.d4 fxe4 19.Nxe4 Ned5 20.Bf2 c4 21.Rfe1 Nf6 22.Nfg5
Nxe4 23.Bxe4 Bxe4 24.Qxe4 d5 25.Qg2 Rbe8 26.Re2 Re7 27.a5 b5 28.Rae1 Rf6 
29.Qh3 Bh8 30.Qg4 h6 31.Nf3 Kh7 32.Ne5 Qe8 33.Re3 Rf5 34.Qe2 Bxe5 35.Rxe5 
Qf7 36.Be3 Ne8 37.g4 Rxe5 38.fxe5 Qf8 39.Rf1 Rf7 40.Rxf7+ Qxf7 41.Qd2 Qf3 
42.Bxh6 Qxg4+ 43.Kh1 Qh3 44.Be3 Qf1+ 45.Bg1 Qf3+ 46.Qg2 Qxg2+ 47.Kxg2 Kh6 
48.Kf3 Kh5 49.Ke2 Ng7 50.Be3 Nf5 51.Bc1 Ne7 52.Kf3 Nc6 53.Ke2 Nxa5 54.Kd1 
Nc6 55.Kc2 Kg4 56.Bh6 Kf3 57.Bg5 Ke4 58.h4 a5 59.Kd2 b4 60.Bh6 bxc3+ 61.
bxc3 Na7 62.Kc2 Nb5 63.Bf8 a4 64.Kb2 Kd3 65.Bb4 0-1

[Event "2nd American Continental (w)"]
[Site "San Cristobal VEN"]
[Date "2003.09.??"]
[Round "4"]
[White "Ubaldo Suarez, Maria Gisela"]
[Black "Sanchez Castillo, Sarai"]
[Result "0-1"]
[WhiteElo "2090"]
[BlackElo "2180"]
[EventDate "2003.09.06"]
[PlyCount "135"]

1.d4 d5 2.Nf3 c6 3.e3 Nf6 4.c4 e6 5.Nc3 Nbd7 6.Bd3 dxc4 7.Bxc4 b5 8.Bd3 
Bb7 9.O-O a6 10.Qe2 c5 11.dxc5 Bxc5 12.Rd1 O-O 13.Ng5 h6 14.Nge4 Qc7 15.
Nxf6+ Nxf6 16.a3 Bd6 17.h3 Bh2+ 18.Kf1 Be5 19.Kg1 Rfd8 20.f4 Bxc3 21.bxc3 
Be4 22.Bb2 Bxd3 23.Rxd3 Rxd3 24.Qxd3 Rd8 25.Qc2 Qc4 26.Re1 Nd5 27.Qd2 Rc8 
28.Kh1 Nb6 29.Qd4 Na4 30.Ba1 Qxd4 31.exd4 Rc4 32.Rc1 Kf8 33.Kg1 Ke7 34.Kf2
Nb6 35.Bb2 Rc7 36.Rc2 Na4 37.Ba1 a5 38.Ke3 Kd6 39.Kd3 Kd5 40.Bb2 Nb6 41.
Re2 f6 42.Rf2 Nc4 43.Bc1 Nd6 44.Rb2 Rc4 45.Bd2 Rc7 46.Bc1 g5 47.Bd2 Kc6 
48.a4 Rb7 49.axb5+ Rxb5 50.Ra2 Nb7 51.fxg5 hxg5 52.Bc1 Rf5 53.Ba3 e5 54.
Re2 exd4 55.cxd4 Rf1 56.Be7 Kd5 57.Rb2 Nd6 58.Ra2 Nc4 59.Ke2 Rf4 60.Bd8 
Re4+ 61.Kf3 Re8 62.Bc7 Rc8 63.Bg3 Kxd4 64.Bf2+ Kc3 65.Kg4 Kb3 66.Re2 Rc6 
67.Bd4 a4 68.Kf3 0-1

[Event "2nd American Continental (w)"]
[Site "San Cristobal VEN"]
[Date "2003.09.??"]
[Round "4"]
[White "Chaves, Joara"]
[Black "Mazariegos Kummerfeldt, Silvia Carolina"]
[Result "1-0"]
[WhiteElo "2083"]
[BlackElo "2132"]
[EventDate "2003.09.06"]
[PlyCount "51"]

1.e4 Nc6 2.d4 d5 3.e5 Bf5 4.Nf3 e6 5.Bd3 Bxd3 6.Qxd3 Nb4 7.Qe2 c5 8.dxc5 
Qa5 9.c3 Nc6 10.Be3 Qc7 11.Bd4 g6 12.O-O Bg7 13.Nbd2 Nge7 14.b4 Nf5 15.
Rab1 h5 16.Rfe1 Qe7 17.Nb3 g5 18.b5 Nb8 19.Nfd2 g4 20.Nf1 Qc7 21.Nc1 Nd7 
22.Nd3 Bf8 23.Ne3 Nh4 24.Nxd5 exd5 25.e6 Rg8 26.exf7+ 1-0

[Event "2nd American Continental (w)"]
[Site "San Cristobal VEN"]
[Date "2003.09.??"]
[Round "4"]
[White "Ortiz Aguirre, Nadya Karolina"]
[Black "Diaz Patete, Milagros"]
[Result "1-0"]
[WhiteElo "2135"]
[BlackElo "2053"]
[EventDate "2003.09.06"]
[PlyCount "71"]

1.e4 c5 2.Nc3 e6 3.f4 a6 4.Nf3 b5 5.g3 Bb7 6.d3 d5 7.Qe2 d4 8.Nd1 Nf6 9.
Bg2 Be7 10.O-O O-O 11.Nf2 Nc6 12.g4 Qc7 13.a3 a5 14.Bd2 c4 15.f5 exf5 16.
gxf5 Bd6 17.Kh1 Rfe8 18.Rg1 Kh8 19.Bh3 Bf4 20.Rg2 Nh5 21.Rag1 Bxd2 22.Qxd2
Rg8 23.Rg4 Ne5 24.Nxe5 Qxe5 25.Qg5 Nf6 26.R4g2 h6 27.Qh4 Kh7 28.Bg4 Bc6 
29.Bf3 Rab8 30.Nh3 Rb7 31.Bh5 Nxh5 32.Qxh5 f6 33.Qg6+ Kh8 34.Qg4 Be8 35.
Nf4 Bh5 36.Nxh5 1-0